| 000 | 00447cam a2200193 4500 | ||
|---|---|---|---|
| 001 | B819 | ||
| 008 | 090401t1987 xxu||||| |||| 00| 0 eng d | ||
| 035 | _a(Sirsi) u38103 | ||
| 041 | _aeng | ||
| 050 | _a332.6324 | ||
| 110 |
_aFletcher King _92249 |
||
| 245 | _aInvestment `87 | ||
| 260 |
_aLondon _bFletcher King _c1987 |
||
| 300 | _a28p. : ill. ; 30cm. | ||
| 350 | _a0 | ||
| 650 | _aPROPERTY INVESTMENT | ||
| 942 | _n0 | ||
| 948 | _c04/03/1997 | ||
| 999 |
_c90608 _d90608 |
||